|
|
|
|
| LEADER |
00000nab a2200000 a 4500 |
| 001 |
vtls011623341 |
| 003 |
SK-MaSNL |
| 005 |
20260319070844.0 |
| 008 |
170411c20170405xo d| | 00 0|2hun |
| 015 |
|
|
|a SNBRB2017/04
|
| 038 |
|
|
|a DSZK
|
| 040 |
|
|
|a DSZK
|b slo
|c DSZK
|e AACR2
|
| 041 |
0 |
|
|a hun
|
| 044 |
|
|
|a xo
|c SK
|
| 080 |
|
|
|a 373.5:796/799
|x (437.612)
|x (=511.141)
|2 2011
|
| 080 |
|
|
|a 796.332
|2 2011
|
| 245 |
0 |
0 |
|a A Sportgimnázium DAC Veszprémben
|c [szerző] (jmk)
|
| 610 |
2 |
7 |
|a Športové gymnázium s vyučovacím jazykom maďarským (Dunajská Streda, Slovensko)
|2 dszk
|9 1039309
|
| 611 |
2 |
7 |
|a Noszlopy Kupa
|d (2017 :
|c Veszprém, Maďarsko)
|2 dszk
|9 1088051
|
| 650 |
0 |
7 |
|a futbal
|2 SNKPH
|9 3291
|
| 651 |
|
7 |
|a Dunajská Streda (Slovensko)
|2 SNKPH
|9 17375
|
| 651 |
|
7 |
|a Veszprém (Maďarsko)
|2 dszk
|9 58711
|
| 773 |
0 |
|
|t Új szó
|g Évf. 70, sz. 80 (2017.4.5), o. 19
|x 1335-7050
|
| 852 |
|
|
|a DSZK
|b KIS3GCP
|
| 958 |
|
|
|a HU
|
| 958 |
|
|
|a SK
|
| 999 |
|
|
|c 1788869
|d 1790799
|